000 00523cam a22002051a 4500
001 sa 65003295
003 DLC
005 20260227112122.0
008 950412q19601969io 000 0 ind
010 _asa 65003295
025 _aPL480:Indo-1351
035 _a(OCoLC)32297960
040 _aDLC
_cWU
_dDLC
042 _apremarc
050 0 0 _aPL5089.O8
_bK6
100 1 _aOtoj, N. S.
245 1 0 _aKomplotan kelelawar hitam /
_coleh N.S. Otoj.
260 _aDjakarta :
_bSwandjaja,
_c[196-?]
300 _a70 p. ;
_c15 cm.
999 _c63069
_d63069